| 000 | 01157nam a2200337 a 4500 | ||
|---|---|---|---|
| 001 | 000025204 | ||
| 003 | DO-SdBNP | ||
| 005 | 20180323152558.0 | ||
| 007 | 000025204 | ||
| 008 | 110211s2008 dr a 000 0 spa d | ||
| 020 | _z83400 | ||
| 040 |
_aBPMSU _bspa _cBPMSU |
||
| 082 | 4 |
_2 _aRD923.2 _bS232C |
|
| 100 | 1 | _aCassá, Roberto | |
| 245 | 1 | 0 |
_aPedro Santana : _bautócrata y anexionista / _cRoberto Cassá ; ilustraciones Ramiro Manzano. |
| 250 | _a3a. ed. | ||
| 260 |
_aSanto Domingo : _bTobogán, _c2008. |
||
| 300 |
_a64 p. : _bil. ; _c21 cm. |
||
| 490 | 1 | _aBiografías dominicanas | |
| 504 | _aBibliografía : p. 63 | ||
| 600 | 1 | 4 |
_aSANTANA, PEDRO _d1801-1864 |
| 650 | 4 |
_aPRESIDENTES _zREPÚBLICA DOMINICANA _xBIOGRAFÍAS |
|
| 651 | 4 |
_aREPÚBLICA DOMINICANA _xHISTORIA _y1844-1930 |
|
| 651 | 4 |
_aREPÚBLICA DOMINICANA _xHISTORIA _yANEXIÓN ESPAÑA, 1861-1865 |
|
| 651 | 4 |
_aREPÚBLICA DOMINICANA _xHISTORIA _yOCUPACIÓN HAITIANA, 1822-1844 |
|
| 700 | 1 |
_aManzano, Ramiro, _eil. |
|
| 830 | _pBiografias dominicanas Tobogán | ||
| 942 |
_2ddc _cBK |
||
| 945 | _aRemanejado para la BNPHU / 2017 VM | ||
| 956 |
_aVMATEO _b10 _c20150415 _lBPMSU _h00151 |
||
| 999 |
_c7634 _d7634 |
||